000 00520nam a2200193Ia 4500
005 20250508151732.0
008 008 250505s9999 xx 000 0 eng d
037 _aTextual
040 _aFEDL
_beng
_cFEDL
041 _aeng
_2eng
084 _a158, MIK
_qFEDL
100 _aMikesell William Henry
_9759853
245 0 _aMental hygiene
260 _aNew York, USA
_bPrentice-Hall
_c1939
300 _axvi,456p.
650 _aApplied Psychology
942 _cTEXL
_h158, MIK
999 _c1331792
_d1331792